| 000 | 00000cas 2200000za 4500 |
| 001 | 9.847776 |
| 003 | CaOODSP |
| 005 | 20251121143650 |
| 007 | cr ||||||||||| |
| 008 | 171124c20179999onc x pso||||f0 b0fre|d |
| 022 | |a2561-3731 |
| 040 | |aCaOODSP|bfre |
| 043 | |an-cn--- |
| 086 | 1 |aCS16-511F-PDF |
| 222 | 4|aLes technologies propres et l'enquête sur les biens et services environnementaux |
| 245 | 04|aLes technologies propres et l'enquête sur les biens et services environnementaux |h[ressource électronique] : |bun guide de référence technique. |
| 260 | |aOttawa : |bStatistique Canada, |c2017- |
| 310 | |aIrrégulier |
| 500 | |aPubl. aussi en anglais sous le titre : Clean technologies and the Survey of Environmental Goods and Services: a technical reference guide. |
| 520 | 3 |a«Ce guide de référence est destiné aux utilisateurs de l'enquête sur les biens et services environnementaux (EBSE). Les tableaux indiquent les technologies et services qui sont inclus dans l'EBSE.» |uhttp://www5.statcan.gc.ca/olc-cel/olc?ObjId=16-511-X&ObjType=2&lang=fr&limit=0 |
| 692 | 07|2gccst|aTechnologie propre |
| 692 | 07|2gccst|aSciences de l'environnement |
| 710 | 2 |aStatistique Canada. |
| 775 | 08|tClean technologies and the Survey of Environmental Goods and Services |w(CaOODSP)9.847774 |